La révolution de juillet (25 juillet-16 août 1830) (Record no. 69135)

MARC details
000 -LEADER
campo de control de longitud fija 00812nam a2200205 i 4500
001 - NÚMERO DE CONTROL
campo de control 69135
003 - IDENTIFICADOR DE NÚMERO DE CONTROL
campo de control ES-MaACL
005 - FECHA Y HORA DE LA ÚLTIMA TRANSACCIÓN
campo de control 20250817034231.0
007 - CAMPO FIJO DE DESCRIPCIÓN FÍSICA--INFORMACIÓN GENERAL
campo de control de longitud fija t|
008 - DATOS DE LONGITUD FIJA--INFORMACIÓN GENERAL
campo de control de longitud fija 040914n19001930fr ||||1| fre d
245 03 - MENCIÓN DEL TÍTULO
Título La révolution de juillet (25 juillet-16 août 1830)
Resto del título : impressions et récits contemporains (mémoires d'Alex. Mazas, chronique de Rozet) /
Mención de responsabilidad, etc. publiés avec une introduction, deux notices, des appendices, par Raymond Lécuyer, et illustrés d'après les documents du temps.
260 ## - PUBLICACIÓN, DISTRIBUCIÓN, ETC.
Lugar de publicación, distribución, etc. Paris :
Nombre del editor, distribuidor, etc. Arthème Fayard,
Fecha de publicación, distribución, etc. [19--?]
300 ## - DESCRIPCIÓN FÍSICA
Extensión 159 p. ;
Dimensiones 24 cm.
490 1# - MENCIÓN DE SERIE
Mención de serie Mémoires et souvenirs
700 1# - ENTRADA AGREGADA--NOMBRE PERSONAL
Nombre de persona Lécuyer, Raymond.
9 (RLIN) 71129
700 1# - ENTRADA AGREGADA--NOMBRE PERSONAL
Nombre de persona Mazas, Alexandre.
9 (RLIN) 79466
830 00 - PUNTO DE ACCESO ADICIONAL DE SERIE-TÍTULO UNIFORME
Título uniforme Mémoires et souvenirs
9 (RLIN) 183261
852 ## - LOCALIZACIÓN
Ubicación ES-MaACL
Número de control de estantería C-1108
Holdings
Estatus retirado Estado de pérdida Estado de daño No para préstamo Colección Biblioteca de origen Biblioteca actual Ubicación en estantería Fecha de adquisición Fuente de adquisición Total de préstamos Signatura topográfica completa Código de barras Visto por última vez Precio de reemplazo Tipo de ítem Koha
        Libros del s. XIX Biblioteca del Ateneo de Madrid Biblioteca del Ateneo de Madrid Sala Palomar 17/01/2008     C-1108 1072394 23/02/2023 23/02/2023 Libro impreso antiguo